000 00768nam a2200205 i 4500
001 138006
003 ES-MaACL
005 20250827022422.0
007 t|
008 070214s1973 sp r ||||1| spa d
100 1 _aSánchez Isac, Jaime.
_9102707
245 1 4 _aLos contratos en la administración local
_b: invalidez, fianzas y clases /
_cJaime Sánchez Isac, José Ramón Souto Orosa.
260 _aMadrid :
_bInstituto de Estudios de Administración Local,
_c1973.
300 _aXIV, 262 p. ;
_c24 cm.
650 0 4 _aContratos administrativos-
_xEspaña.
_911327
700 1 _aSouto Orosa, José Ramón.
_9107592
710 2 _aInstituto de Estudios de Administración Local (España)
_94893
852 _aES-MaACL
_jC-54298
_bR.87153
999 _c138006
_d138006